Sports Quiz

Random Sports or Auto Racing Quiz

Anyone but Alain Prost Quiz Stats

 Plays Quiz not verified by Sporcle

Score 0/33 Timer 07:00
1 Play Today
Hint Answer % Correct
World Champion in the 1980sAyrton Senna
98.9%
Won a Grand Prix in 1989Ayrton Senna
98.9%
World Champion in the 1980sNelson Piquet
95.7%
Have won a Spanish Grand Prix for WilliamsNigel Mansell
95.6%
Won a Grand Prix in 1989Nigel Mansell
95.6%
Have won a Grand Prix for both Williams and Scuderia FerrariNigel Mansell
95.6%
Have achieved a podium for Renault F1 (all-time)Nelsinho Piquet
95.1%
World Champion in the 1980sNiki Lauda
93.9%
Have achieved a podium for Renault F1 (all-time)Fernando Alonso
92.3%
World Champion in the 1980sKeke Rosberg
91.3%
Won a Grand Prix in 1989Gerhard Berger
90.1%
Have been teammate to Ayrton Senna at McLarenGerhard Berger
90.1%
World Champion in the 1980sAlan Jones
89.2%
Have achieved a podium for Renault F1 (all-time)Giancarlo Fisichella
83%
Have won a Spanish Grand Prix for WilliamsDamon Hill
82.3%
Have won a Spanish Grand Prix for WilliamsJacques Villeneuve
78.8%
Have achieved a podium for Renault F1 (all-time)Jarno Trulli
78.3%
Hint Answer % Correct
Have achieved a podium for Renault F1 (all-time)René Arnoux
77.4%
Have been teammate to Ayrton Senna at McLarenMika Häkkinen
76.7%
Have been teammate to Ayrton Senna at McLarenMichael Andretti
74.5%
Have won a Spanish Grand Prix for WilliamsPastor Maldonado
74.3%
Won a Grand Prix in 1989Thierry Boutsen
70.7%
Won a Grand Prix in 1989Alessandro Nannini
66.5%
Have achieved a podium for Renault F1 (all-time)Jean-Pierre Jabouille
60.9%
Have achieved a podium for Renault F1 (all-time)Robert Kubica
56.2%
Have achieved a podium for Renault F1 (all-time)Heikki Kovalainen
55.8%
Have won a Grand Prix for both Williams and Scuderia FerrariCarlos Reutemann
55.1%
Have achieved a podium for Renault F1 (all-time)Patrick Tambay
52.5%
Have achieved a podium for Renault F1 (all-time)Vitaliy Petrov
52.4%
Have won a Grand Prix for both Williams and Scuderia FerrariClay Regazzoni
51.3%
Have achieved a podium for Renault F1 (all-time)Nick Heidfeld
47.2%
Have achieved a podium for Renault F1 (all-time)Derek Warwick
41.4%
Have achieved a podium for Renault F1 (all-time)Eddie Cheever
39.1%

You're not logged in!

Compare scores with friends on all Sporcle quizzes.
OR
Log In

Show Comments

Extras

Top Quizzes Today


Score Distribution

Your Account Isn't Verified!

In order to create a playlist on Sporcle, you need to verify the email address you used during registration. Go to your Sporcle Settings to finish the process.

Report this User

Report this user for behavior that violates our Community Guidelines.

Details: